Statistics for Obce okresu Kladno

Click here to take the quiz!

General Stats

  • This quiz has been taken 38 times
  • The average score is 39 of 100

Answer Stats

HintAnswer% Correct
15 864Slaný
100%
69 337Kladno
94%
3 498Buštěhrad
89%
579Lidice
83%
2 090Hřebeč
78%
5 392Stochov
78%
4 824Unhošť
78%
2 242Lány
72%
3 394Libušín
72%
1 794Velká Dobrá
72%
1 997Brandýsek
67%
1 698Doksy
67%
1 225Kačice
67%
636Kyšice
67%
493Makotřasy
67%
1 964Smečno
67%
2 162Vinařice
67%
1 096Braškov
61%
1 728Kamenné Žehrovice
61%
243Malé Přítočno
61%
2 648Tuchlovice
61%
1 018Velké Přítočno
61%
3 080Velvary
61%
510Malé Kyšice
56%
826Otvovice
56%
1 930Pchery
56%
571Zákolany
56%
839Žilina
56%
2 263Zlonice
56%
768Cvrčovice
50%
1 078Družec
50%
378Malíkovice
50%
1 029Stehelčeves
50%
722Svinařov
50%
584Třebichovice
50%
923Bratronice
44%
314Dolany
44%
678Horní Bezděkov
44%
1 359Hostouň
44%
580Knovíz
44%
203Pavlov
44%
608Svárov
44%
694Žižice
44%
184Běloky
39%
288Blevice
39%
281Jemníky
39%
1 015Klobuky
39%
577Koleč
39%
656Lhota
39%
384Libovice
39%
590Pletený Újezd
39%
765Vraný
39%
175Zichovec
39%
471Dřetovice
33%
422Kamenný Most
33%
469Studeněves
33%
511Třebusice
33%
134Zájezd
33%
326Běleč
28%
381Beřovice
28%
171Drnek
28%
487Hradečno
28%
493Ledce
28%
66Libochovičky
28%
615Tuřany
28%
376Uhy
28%
876Zvoleněves
28%
497Hrdlív
22%
102Líský
22%
471Pozdeň
22%
389Přelíc
22%
364Řisuty
22%
631Slatina
22%
132Stradonice
22%
356Hobšovice
17%
256Hořešovice
17%
331Podlešín
17%
183Šlapanice
17%
191Bílichov
11%
960Černuc
11%
322Dřínov
11%
140Hořešovičky
11%
536Hospozín
11%
417Jedomělice
11%
241Královice
11%
84Kvílice
11%
137Loucká
11%
233Třebíz
11%
197Želenice
11%
261Chržín
6%
289Jarpice
6%
294Kmetiněves
6%
110Kutrovice
6%
161Neprobylice
6%
446Neuměřice
6%
222Páleč
6%
197Plchov
6%
221Poštovice
6%
326Sazená
6%
214Vrbičany
6%

Score Distribution

Percentile by Number Answered

Percent of People with Each Score

Your Score History

You have not taken this quiz